000
00271nam a2200121Ia 4500
008
190216s9999||||xx |||||||||||||| ||und||
100
_a
"Joshi Dd,Rao K V Etc"
245
0
_a
Mathematics
260
_b
Ncert
_c
1989
300
_a
675p
650
_a
Mathematics
942
_c
BK
999
_c
31045
_d
31045